Lady Gaga Eras by Emojis - Statistics

General Stats
  • This quiz has been taken 128 times
  • The average score is 9 of 11
Answer Stats
Picture Answer % Correct
Born This Way
94%
Joanne
94%
The Fame
94%
Artpop
87%
A Star Is Born
82%
Chromatica
80%
Mayhem
80%
The Fame Monster
79%
Cheek to Cheek
70%
Joker: Folie à Deux / Harlequin
69%
Love for Sale
49%
No matching quizzes found
Score Distribution
Percent of People with Each Score
Percentile by Number Answered
Your Score History
You have not taken this quiz